• 首页
  • 本馆介绍
  • 公告通知
  • 最新文献
  • 馆藏检索
  • 电子资源
  • 读者导购
  • 参考咨询
  • 我的图书馆
  • 登录
  • 详细信息显示
  • 放入我的书架
  • 预约/预借图书
  • 作者相关作品
  • 分类相关作品
  • 丛书相关作品
  • 出版社相关作品

书目信息

  • 表格格式
  • 工作单格式
  • 卡片格式
题名:
面部皮肤病防治
    
 
作者: 张建明 王爱民等编著
分册:  
出版信息:   山东大学出版社  1988
页数: 226页
开本: 32开
丛书名:
单 册:
中图分类: R751.0
科图分类:
主题词: 皮肤病学 , 皮肤病 , 皮炎
电子资源:
ISBN: 7-5607-0191-4
000 00597nam0 2200205 45
001 9911301546
005 19991130153958.6
010    @a7-5607-0191-4@d2.00
100    @a19991130d1988 km y0chiy0120 ea
101    @achi
105    @a z 000yy
200 1  @a面部皮肤病防治@AMian Bu Pi Fu Bing Fang Zhi@f张建明 王爱民等编著@FZhang Jian Ming Wang Ai Min Deng Bian Zhu
210    @c山东大学出版社@d1988
215    @a226页@c无图表@d32开
606 0  @a皮肤病学
606 0  @a皮肤病
606 0  @a皮炎
690    @aR751.0@v3
801    @aCN@bPerfectUser@c19991130
905    @aBZT@b23595-619@f25@dR751.0@e1
    
    面部皮肤病防治/张建明 王爱民等编著.-山东大学出版社,1988
    226页:无图表;32开
    
    
    ISBN 7-5607-0191-4:2.00
    
●
相关链接 在五车中查询图书 在当当中查询图书 在豆瓣中查询图书


正题名:面部皮肤病防治     索取号:R751.0/1         预约/预借

序号 登录号 条形码 馆藏地/架位号 状态 备注
1 23598   200579392   中心书库中库/ 中库014架A面6列1层20/ [索取号:R751.0/1] 在馆    
2 23599   200579418   中心书库中库/ 中库014架A面6列1层19/ [索取号:R751.0/1] 在馆    
3 23600   200579436   中心书库中库/ 中库014架A面6列1层11/ [索取号:R751.0/1] 在馆    
4 23601   200579427   中心书库中库/ 中库014架A面6列1层13/ [索取号:R751.0/1] 在馆    
5 23602   200579374   中心书库中库/ 中库014架A面6列1层12/ [索取号:R751.0/1] 在馆    
6 23604   200579445   中心书库中库/ 中库014架A面6列1层7/ [索取号:R751.0/1] 在馆    
7 23605   200579196   中心书库中库/ 中库014架A面6列1层21/ [索取号:R751.0/1] 在馆    
8 23606   200579454   中心书库中库/ 中库014架A面6列1层4/ [索取号:R751.0/1] 在馆    
9 23607   200579230   中心书库中库/ 中库014架A面6列2层41/ [索取号:R751.0/1] 在馆    
10 23608   200579463   中心书库中库/ 中库014架A面6列1层14/ [索取号:R751.0/1] 在馆    
11 23609   200579409   中心书库中库/ 中库014架A面6列1层2/ [索取号:R751.0/1] 在馆    
12 23610   200579258   中心书库中库/ 中库014架A面6列1层15/ [索取号:R751.0/1] 在馆    
13 23611   200579365   中心书库中库/ 中库014架A面6列1层1/ [索取号:R751.0/1] 在馆    
14 23612   200579383   中心书库中库/ 中库014架A面6列1层16/ [索取号:R751.0/1] 在馆    
15 23613   200579212   中心书库中库/ 中库014架A面6列1层9/ [索取号:R751.0/1] 在馆    
16 23614   200579338   中心书库中库/ 中库014架A面6列1层10/ [索取号:R751.0/1] 在馆    
17 23615   200579203   中心书库中库/ 中库014架A面6列1层3/ [索取号:R751.0/1] 在馆    
18 23616   200579294   中心书库中库/ 中库014架A面6列1层8/ [索取号:R751.0/1] 在馆    
19 23618   200579347   中心书库中库/ 中库014架A面6列1层17/ [索取号:R751.0/1] 在馆    
20 23619   200579356   中心书库中库/ 中库014架A面6列1层5/ [索取号:R751.0/1] 在馆    
山东省滨州职业学院图书馆 欢迎您!
大连网信软件有限公司© 版权所有